How has IUCN assessed the species in the genus Canis? (Easy) - Statistics

General Stats
  • This quiz has been taken 4 times
  • The average score is 4 of 6
Answer Stats
Hint Explanation Answer % Correct
Canis rufus (red wolf) C2a(i,ii); D. It was Extinct in the wild by 1980, but was reintroduced into eastern North Carolina in 1987. In the early 2000s, the population in the reintroduction area was more than 150. By 2016, restrictions to reintroduction to an area that can support 20-30 wolves at most began. If such a restriction is finalized, wolves outside this area will likely be given little or no federal protection or be returned to captivity. Hybrids between the red wolf and the coyote, and landowner intolerance are the biggest threats to the wild population. Critically Endangered
100%
Canis latrans (coyote) Least Concern
100%
Canis simensis (Ethiopian wolf) Needs updating. B1ab(iii,v); C1+2a(i); D. Its population in the Bale Mountains was estimated at 291 adult wolves in April 2009 and 290-320 adult wolves in April 2010. Since then 23 carcasses have been retrieved, and 56 individuals have gone missing, which was likely caused by a canine distemper epizootic. The species's range is shrinking and increasingly fragmented. The species’ extent of occurrence is estimated at 4,200 km² with an area of occupancy of 2,779 km². The largest population occurs in the Bale Mountains in southern Ethiopia, where population size varies widely due to the recurrence of infectious disease epizootics. Since 2008 this population had declined by ~30% as of 2011, from approximately 300 to an estimated 210 adults, due to consecutive epizootics of rabies and canine distemper. This equates to a 20% global decline in the population from 2008 to 2011. It is only just narrowly below the threshold for uplisting to Critically Endangered under C1, and merits careful ongoing monitoring of population numbers (and a reassessment if necessary) and sustained conservation interventions. Endangered
67%
Canis aureus (golden jackal) While it is assessed as Least Concern and its range is expanding in some areas, it is probably slowly declining in other parts of its range. Least Concern
67%
Canis lupus (grey wolf) It used to be a species with a very wide distribution. It has become extinct in much of Western Europe, in Mexico, and in much of the United States, and their present distribution is more restricted. Continued threats include competition with humans for livestock and game species, exaggerated concern by the public regarding the danger of wolves, and fragmentation of habitat. While the global population trend is said to be stable, several wolf populations are facing serious threats; such populations include many of those in Europe. Least Concern
67%
Canis lupaster (African wolf) While it is assessed as Least Concern, that it is declining in parts of its range is known. Least Concern
33%
No matching quizzes found
Score Distribution
Percent of People with Each Score
Percentile by Number Answered
Your Score History
You have not taken this quiz